Güvenli sürdürülebilir ulaşım = (Record no. 200467598)

MARC details
000 -LEADER
fixed length control field 01092cam a2200349 i 4500
001 - CONTROL NUMBER
control field 200467598
003 - CONTROL NUMBER IDENTIFIER
control field TR-AnTOB
005 - DATE AND TIME OF LATEST TRANSACTION
control field 20260312104810.0
007 - PHYSICAL DESCRIPTION FIXED FIELD--GENERAL INFORMATION
fixed length control field ta
008 - FIXED-LENGTH DATA ELEMENTS--GENERAL INFORMATION
fixed length control field 260205s2024 tu $ra1 $$$$ tur utur d
020 ## - INTERNATIONAL STANDARD BOOK NUMBER
International Standard Book Number 9786259821894
040 ## - CATALOGING SOURCE
Original cataloging agency TR-AnTOB
Language of cataloging eng
Description conventions rda
Transcribing agency TR-AnTOB
041 0# - LANGUAGE CODE
Language code of text/sound track or separate title Türkçe
044 ## - COUNTRY OF PUBLISHING/PRODUCING ENTITY CODE
ISO country code tu
050 14 - LIBRARY OF CONGRESS CALL NUMBER
Classification number HE5614
Item number .G885 2024
090 ## - LOCALLY ASSIGNED LC-TYPE CALL NUMBER (OCLC); LOCAL CALL NUMBER (RLIN)
Classification number (OCLC) (R) ; Classification number, CALL (RLIN) (NR) HE5614
Local cutter number (OCLC) ; Book number/undivided call number, CALL (RLIN) .G885 2024
245 00 - TITLE STATEMENT
Title Güvenli sürdürülebilir ulaşım =
Remainder of title safe and sustainable mobility /
Statement of responsibility, etc. Derleyenler : Derya Azık Özkan, Gizem Fındık
250 ## - EDITION STATEMENT
Edition statement 1. baskı
264 #1 - PRODUCTION, PUBLICATION, DISTRIBUTION, MANUFACTURE, AND COPYRIGHT NOTICE
Place of production, publication, distribution, manufacture Ankara :
Name of producer, publisher, distributor, manufacturer Polis Akademi Yayınları,
Date of production, publication, distribution, manufacture, or copyright notice 2025.
300 ## - PHYSICAL DESCRIPTION
Extent 217 pages ;
Dimensions 23 cm
336 ## - CONTENT TYPE
Content type term metin
Content type code txt
Source rdacontent
337 ## - MEDIA TYPE
Media type term aracısız
Media type code n
Source rdamedia
338 ## - CARRIER TYPE
Carrier type term cilt
Carrier type code nc
Source rdacarrier
490 0# - SERIES STATEMENT
Series statement Polis Akademi Yayınları ;
Volume/sequential designation 211
504 ## - BIBLIOGRAPHY, ETC. NOTE
Bibliography, etc. note Includes bibliographical references.
650 #7 - SUBJECT ADDED ENTRY--TOPICAL TERM
Topical term or geographic name entry element Trafik güvenliği
Source of heading or term etuturkob
9 (RLIN) 129545
Topical term or geographic name entry element Kent içi ulaşım
Source of heading or term etuturkob
9 (RLIN) 72774
700 1# - ADDED ENTRY--PERSONAL NAME
Personal name Fındık, Gizem
Relator term complier
9 (RLIN) 152898
Personal name Özkan, Derya Azık
Relator term complier
9 (RLIN) 152899
942 ## - ADDED ENTRY ELEMENTS (KOHA)
Source of classification or shelving scheme Library of Congress Classification
Koha item type Book
Holdings
Withdrawn status Lost status Source of classification or shelving scheme Damaged status Not for loan Collection code Home library Current library Shelving location Date acquired Source of acquisition Inventory number Total Checkouts Full call number Barcode Date last seen Date shelved Koha item type Public note
    Library of Congress Classification Yeni / New Ödünç Verilebilir / Available Genel Koleksiyon Merkez Kütüphane Merkez Kütüphane Genel Koleksiyon / Main Collection 05/02/2026 Bağış / Donation SUİ   HE5614 .G885 2024 0074641 12/03/2026 12/03/2026 Book Donated by Polis Akademisi
Devinim Yazılım Eğitim Danışmanlık tarafından Koha'nın orjinal sürümü uyarlanarak geliştirilip kurulmuştur.